Vybrané otázky medzinárodných investičných zmlúv

Medzinárodné investičné zmluvy (MIZ) sú vo všeobecnosti v prostredí medzinárodných ekonomických vzťahov prostriedkom podpory a ochrany medzinárodných investícií, ktorý v súčasnosti nadobúda novú podobu a rozmer. Úroveň medzinárodnoprávnej úpravy investičnej činnosti si vyžaduje normatívnu reflexiu č...

Descrizione completa

Salvato in:
Dettagli Bibliografici
Autore principale: Vitteková, Anna
Altri autori: Budjač, Milan
Natura: Capitolo di libro
Lingua:slovacco
Soggetti:
Tags: Aggiungi Tag
Nessun Tag, puoi essere il primo ad aggiungerne!!

MARC

LEADER 00000nla$a2200000$$$4500
001 0070619
005 20240502071839.7
041 0 |a slo 
044 |a SK 
245 1 0 |a Vybrané otázky medzinárodných investičných zmlúv  |c Anna Vitteková, Milan Budjač 
520 |a Medzinárodné investičné zmluvy (MIZ) sú vo všeobecnosti v prostredí medzinárodných ekonomických vzťahov prostriedkom podpory a ochrany medzinárodných investícií, ktorý v súčasnosti nadobúda novú podobu a rozmer. Úroveň medzinárodnoprávnej úpravy investičnej činnosti si vyžaduje normatívnu reflexiu čoraz intenzívnejšie prebiehajúcich procesov pohybu medzinárodného kapitálu, najmä v podmienkach investičných relácií vyspelých a menej rozvinutých krajín. Bilaterálne a multilaterálne investičné zmluvy. Autori sa venujú vybraným problémom postavenia a obsahovej koncepcie MIZ, pričom vo vzťahu k ich investičnému rozvojovému akcentu naznačujú aj najnovšie vývojové trendy danej medzinárodnoprávnej reglementácie. 
610 2 0 |a rozvoj investičný 
610 2 0 |a zmluvy medzinárodné 
610 2 0 |a investície 
610 2 0 |a ochrana investícií 
610 2 0 |a krajiny rozvojové 
610 2 0 |a krajiny vyspelé 
610 2 0 |a pohyb kapitálu 
610 2 0 |a vzťahy hospodárske medzinárodné 
100 1 |a Vitteková, Anna 
700 1 |a Budjač, Milan